NLSUI OPAC header image

Economic efficiency : the sole concern of modern antitrust policy : Non-efficiency considerations under Article 101 TFEU (Record no. 37285)

MARC details
000 -LEADER
fixed length control field 01499nam a2200217Ia 4500
003 - CONTROL NUMBER IDENTIFIER
control field OSt
005 - DATE AND TIME OF LATEST TRANSACTION
control field 20210405162614.0
008 - FIXED-LENGTH DATA ELEMENTS--GENERAL INFORMATION
fixed length control field 160316s2012 xxu||||| |||| 00| 0 eng d
020 ## - INTERNATIONAL STANDARD BOOK NUMBER
International Standard Book Number 9789041138705
040 ## - CATALOGING SOURCE
Transcribing agency n
082 ## - DEWEY DECIMAL CLASSIFICATION NUMBER
Classification number 343.072100
Item number ROM
100 ## - MAIN ENTRY--PERSONAL NAME
Personal name Rompuy Ben Van
245 ## - TITLE STATEMENT
Title Economic efficiency : the sole concern of modern antitrust policy : Non-efficiency considerations under Article 101 TFEU
260 ## - PUBLICATION, DISTRIBUTION, ETC.
Place of publication, distribution, etc. Netherlands
Name of publisher, distributor, etc. Kluwer Law International
Date of publication, distribution, etc. 2012
300 ## - PHYSICAL DESCRIPTION
Extent 473p
Dimensions xi
365 ## - TRADE PRICE
Price amount Rs. 12,455
505 ## - FORMATTED CONTENTS NOTE
Formatted contents note About the Author.<br/>List of Abbreviations;<br/>Foreword;<br/>Acknowledgements;<br/>General Introduction;<br/>Part I The Objectives of US and EU Antitrust Policy: A Historical and Comparative Perspective;<br/>Chapter 1 Antitrust’s Objectives: Theoretical Perspectives;<br/>Chapter 2 The Objectives of US Antitrust Policy;<br/>Chapter 3 The Objectives of EU Antitrust Policy;<br/>Part II The Role of Non-efficiency Considerations in the Application of Article 101 TFEU: Case Study of the Audiovisual Sector;<br/>Chapter 4 The Justifiability of Incorporating Non-efficiency Considerations in Article 101 TFEU;<br/>Chapter 5 More Than a Game? The Specific Characteristics of Sport and Its Societal Role;<br/>Chapter 6 Access to Content by Final Consumers;<br/>Conclusions to Part II. Final Conclusions;<br/>Bibliography;<br/>Table of Cases;<br/>Index.
650 ## - SUBJECT ADDED ENTRY--TOPICAL TERM
Topical term or geographic name entry element 1. Antitrust Law - European Union Countries2. Antitrust Law - U S A 3. Antitrust law - Economic Aspects
700 ## - ADDED ENTRY--PERSONAL NAME
Personal name
--
942 ## - ADDED ENTRY ELEMENTS (KOHA)
Source of classification or shelving scheme Dewey Decimal Classification
Koha item type BOOKs
Holdings
Withdrawn status Lost status Damaged status Not for loan Home library Current library Shelving location Date acquired Cost, normal purchase price Total Checkouts Full call number Barcode Date last seen Price effective from Koha item type
      Not For Loan . . REFERENCE SECTION 30.05.2017 12455.00   343.0721 ROM 31491 30.05.2017 30.05.2017 BOOKs